000 00394nam a22001337a 4500
040 _cNUST
082 _a200 THE
100 _aKhurram Ali
_991526
110 _aDr Fahad Mumtaz Malik
_991247
245 _aTH-SOF-0869-Robust Switching Controller of Rotational Mechanical System with Backlash
260 _aISLAMABAD:
_bNUST COLLEGE OF EME,
_c2015.
650 _aMS-ELECT-63
942 _2ddc
_cTHE
999 _c589652
_d589652